<?xml version="1.0" encoding="UTF-8"?>
<marc:record xmlns:marc="http://www.loc.gov/MARC21/slim">
   <marc:leader>00000nam a2200000 a 4500</marc:leader>
   <marc:datafield ind1="1" ind2=" " tag="100">
      <marc:subfield code="a">Thomas, Angie</marc:subfield>
      <marc:subfield code="4">aut</marc:subfield>
      <marc:subfield code="e">Verfasser/-in</marc:subfield>
   </marc:datafield>
   <marc:datafield ind1="0" ind2="0" tag="245">
      <marc:subfield code="a">Concrete Rose</marc:subfield>
   </marc:datafield>
   <marc:datafield ind1="0" ind2="0" tag="245">
      <marc:subfield code="b">Deutschsprachige Ausgabe</marc:subfield>
   </marc:datafield>
   <marc:datafield ind1="0" ind2="0" tag="245">
      <marc:subfield code="c">Thomas, Angie</marc:subfield>
   </marc:datafield>
   <marc:datafield ind1=" " ind2="1" tag="264">
      <marc:subfield code="a">München</marc:subfield>
      <marc:subfield code="b">cbj</marc:subfield>
      <marc:subfield code="c">2021</marc:subfield>
   </marc:datafield>
   <marc:datafield ind1=" " ind2=" " tag="250">
      <marc:subfield code="a">Deutsche Erstausgabe</marc:subfield>
   </marc:datafield>
   <marc:datafield ind1="1" ind2=" " tag="520">
      <marc:subfield code="a">Der 17-jährige Maverick weiß aus bitterer Erfahrung: Man ist verantwortlich für die eigene Familie. Als Sohn eines Vaters, der im Knast sitzt, dealt er heimlich für die King Lords, damit er und seine Mutter über die Runden kommen. Das Leben ist zwar nicht perfekt, aber seine Freundin und sein Cousin Dre machen es erträglich. Doch als Mav erfährt, dass er Vater geworden ist, steht seine Welt Kopf. Sein Sohn Seven ist vollständig auf ihn angewiesen. Mavs Alltag wird zum Albtraum, als er versucht, gleichzeitig zu dealen, den Schulabschluss zu machen und sich um Seven zu kümmern. Der Ausweg: auszusteigen aus dem Gangleben. Doch die King Lords lassen keinen der ihren einfach so ziehen. Und als ein wichtiger Mensch in Mavericks Leben brutal ermordet wird, steht er vor einer Zerreißprobe zwischen Verantwortung, Loyalität und Rache ...&#xD;
&#xD;
 &#xD;
»Did you hear about the rose that grew from a crack in the concrete?« - Tupac Shakur</marc:subfield>
   </marc:datafield>
   <marc:datafield ind1=" " ind2=" " tag="020">
      <marc:subfield code="a">9783570166055</marc:subfield>
      <marc:subfield code="9">9783570166055</marc:subfield>
   </marc:datafield>
   <marc:datafield ind1=" " ind2=" " tag="020">
      <marc:subfield code="a">3570166058</marc:subfield>
      <marc:subfield code="9">3570166058</marc:subfield>
   </marc:datafield>
   <marc:datafield ind1=" " ind2=" " tag="041">
      <marc:subfield code="a">ger</marc:subfield>
   </marc:datafield>
   <marc:datafield ind1=" " ind2=" " tag="338">
      <marc:subfield code="a">Band</marc:subfield>
   </marc:datafield>
   <marc:datafield ind1=" " ind2=" " tag="300">
      <marc:subfield code="a">416 Seiten</marc:subfield>
   </marc:datafield>
</marc:record>
